| 000 | 00365nam a2200145Ia 4500 | ||
|---|---|---|---|
| 008 | 150201s2010 xx 000 0 und d | ||
| 082 |
_a610.7 _bN10C |
||
| 100 | _aCLEMENT , I. | ||
| 245 | _aNURSING SOLVED QUSTION PAPERS FOR GNM 2ND YEAR (2010-1998) | ||
| 250 | _a1ST | ||
| 260 |
_bJAYPEE _aDELHI _c2010 |
||
| 300 | _a533 | ||
| 650 | _aNURSING | ||
| 942 |
_2ddc _cBK _06 |
||
| 999 |
_c2127 _d2127 |
||